Aprendizaje activo: una organización de la clase centrada en el alumnado
Guardat en:
| Autors principals: | , |
|---|---|
| Format: | Llibre |
| Idioma: | espanyol |
| Publicat: |
Madrid
Narcea
1998
|
| Edició: | 2a. ed |
| Matèries: | |
| Etiquetes: |
Afegir etiqueta
Sense etiquetes, Sigues el primer a etiquetar aquest registre!
|
MARC
| LEADER | 00000nam a2200000 a 4500 | ||
|---|---|---|---|
| 001 | UCO3326 | ||
| 003 | CL-VaPUC | ||
| 008 | 000720e19980000SP |||||||||||||||||spa|d | ||
| 082 | 0 | 4 | |a 371.3 |b SCH |2 21 |
| 100 | 0 | |a Schwartz, Susan |e author |9 447405 | |
| 700 | 0 | |a Pollishuke, Mindy |e author |9 447406 | |
| 245 | 1 | 0 | |a Aprendizaje activo: una organización de la clase centrada en el alumnado |
| 250 | |a 2a. ed | ||
| 300 | |a 156 p | ||
| 942 | |c BK | ||
| 945 | |d 20000720 00:00:00 |a rbrito | ||
| 260 | |a Madrid |b Narcea |c 1998 | ||
| 650 | 0 | |a Métodos de enseñanza |9 270413 | |
| 650 | 0 | |a Educación personalizada |9 352575 | |
| 583 | |a last modification |c 20170829 04:05:36 |k Rodrigo Vera | ||
| 999 | |c 289786 |d 289784 | ||
| 952 | |0 0 |1 0 |4 0 |6 371_300000000000000_SCH_1998 |7 0 |8 A |9 338515 |a BIBEDU |b BIBEDU |d 2019-11-20 |i 3630471 |o 371.3 SCH 1998 |p 3630471 |r 2019-11-20 |w 2019-11-20 |y BK |k EPE | ||
| 952 | |0 0 |1 0 |4 0 |6 371_300000000000000_SCH_1998 |7 0 |8 A |9 338516 |a BIBEDU |b BIBEDU |d 2019-11-20 |i 4480864 |l 2 |o 371.3 SCH 1998 |p 4480864 |r 2022-07-29 |s 2022-07-13 |w 2019-11-20 |y BK |k EBA | ||